Aprendizaje: (Registro nro. 9365)

Detalles MARC
000 -LEADER
fixed length control field 01504nam a2200205Ia 4500
005 - FECHA Y HORA DE LA ÚLTIMA TRANSACCIÓN
control field 20230916141712.0
008 - FIXED-LENGTH DATA ELEMENTS--GENERAL INFORMATION
fixed length control field 230912s9999 xx 000 0 und d
020 ## - INTERNATIONAL STANDARD BOOK NUMBER
International Standard Book Number 84-481-2492-8
040 ## - CATALOGING SOURCE
Original cataloging agency UPAN
Transcribing agency Biblioteca San Vicente
Description conventions RCAA2
041 ## - LANGUAGE CODE
Language code of text/sound track or separate title spa
082 ## - DEWEY DECIMAL CLASSIFICATION NUMBER
Classification number 153.15
Item number T377a
año de publicación 2002
100 ## - MAIN ENTRY--PERSONAL NAME
Personal name Tarpy, Roger M.
Relator code aut.
245 #0 - TITLE STATEMENT
Title Aprendizaje:
Remainder of title Teoría e investigación contemporáneas/
Statement of responsibility, etc Roger M. Tarpy
250 ## - EDITION STATEMENT
Edition statement 1° ed.
260 ## - PUBLICATION, DISTRIBUTION, ETC. (IMPRINT)
Place of publication, distribution, etc España:
Name of publisher, distributor, etc McGraw Hill,
Date of publication, distribution, etc 2000
300 ## - PHYSICAL DESCRIPTION
Extent 687 p.;
Dimensions 26 cm.
505 ## - FORMATTED CONTENTS NOTE
Formatted contents note Capitulo 1: Bagaje histórico del estudio del aprendizaje<br/>Capitulo 2:Ciencia, psicología y estudio del aprendizaje<br/>Capitulo 3: Procedimientos básicos del condicionamiento pavloviano (o clásico)<br/>Capitulo 4: Variables que afectan al condicionamiento clásico<br/>Capitulo 5: fenómenos del condicionamiento clásico<br/>Capitulo 6: Perspectivas teoricas del condicionamiento clasico<br/>Capitulo 7: Condicionamiento de estados adaptativos desde un punto de vista biológico <br/>Capitulo 8: Procedimientos básicos del condicionamiento instrumental (operante)<br/>Capitulo 9: Variables que afectan el condicionamiento instrumental<br/>Capitulo 10. Fenómenos del condicionamiento instrumental<br/>Capitulo 11: Perspectivas teóricas en el condicionamiento instrumental<br/>Capitulo 12: Especializaciones adaptativas del aprendizaje<br/>Capitulo 13: Generalizaciones y discriminación<br/>Capitulo 14. pensamiento cognitivo complejo
650 ## - SUBJECT ADDED ENTRY--TOPICAL TERM
Source of heading or term LEMB
General subdivision Teoría de investigación
942 ## - ADDED ENTRY ELEMENTS (KOHA)
Koha item type Libros
Source of classification or shelving scheme Dewey Decimal Classification
Existencias
Withdrawn status Lost status Source of classification or shelving scheme Damaged status Not for loan Collection code Home library Current library Date acquired Total Checkouts Full call number Barcode Date last seen Copy number Price effective from Koha item type
    Dewey Decimal Classification     Colección General Biblioteca UPAN San Vicente Biblioteca UPAN San Vicente 12/09/2023   153.15 T377a 12001313 12/09/2023 01 12/09/2023 Libros
    Dewey Decimal Classification     Colección General Biblioteca UPAN San Vicente Biblioteca UPAN San Vicente 16/09/2023   153.15 T377a 12001314 16/09/2023 02 16/09/2023 Libros
    Dewey Decimal Classification     Colección General Biblioteca UPAN San Vicente Biblioteca UPAN San Vicente 16/09/2023   153.15 T377a 12003946 16/09/2023 03 16/09/2023 Libros